Кн. 2 : Политика, идеология, массовое сознание; США глазами американских социологов

Podrobná bibliografie
Parent link:США глазами американских социологов/ отв. ред. В. Н. Иванов ; Ю. Н. Давыдов. Кн. 2 : Политика, идеология, массовое сознание.— , 1988
Jazyk:ruština
Vydáno: 1988
Témata:
Médium: MixedMaterials Kniha
KOHA link:https://koha.lib.tpu.ru/cgi-bin/koha/opac-detail.pl?biblionumber=15473

MARC

LEADER 00000nam0a2200000 4500
001 15473
005 20231030190230.0
010 |a 502013287X 
035 |a (RuTPU)RU\TPU\book\15581 
035 |a BOOK00000269 
090 |a 15473 
100 |a 20011209d1988 km y0rusy50 ca 
101 0 |a rus 
102 |a RU 
105 |a y z 000zy 
200 0 |a Кн. 2 : Политика, идеология, массовое сознание 
210 |d 1988 
215 |a 248 с. 
461 |t США глазами американских социологов  |v Кн. 2 : Политика, идеология, массовое сознание  |f отв. ред. В. Н. Иванов ; Ю. Н. Давыдов  |d 1988 
610 1 |a социология 
610 1 |a США 
610 1 |a американский образ жизни 
610 1 |a политика 
610 1 |a идеология 
610 1 |a массовое сознание 
686 |a С59(7США)  |v LBC/SL-A  |2 rubbk 
801 0 |a RU  |b 63413507  |c 20011209  |g PSBO 
801 2 |a RU  |b 63413507  |c 20140527  |g PSBO 
942 |c BK